000 00530nam a2200181Ia 4500
003 GCL
008 140319s9999 xx 000 0 eng d
040 _aGCL /
_cGCL
082 0 4 _a181.11
_bY C
100 1 _aYU-LAN, FUNG
245 1 0 _aCHUANG - TZU: A NEW SELECTED TRANSLATION WITH AN EXPOSITION OF THE PHILOSOPHY OF KUO HSIANG /
_cYU-LAN, FUNG
260 _a[S.N] :
_bFOREIGN LANGUAGES PRESS ،
_c1989
300 _a150 P
650 0 4 _aPHILOSOPHY
650 0 4 _aCHINA - PHILOSOHPY
650 0 4 _aKUO, HSIANG
942 _2ddc
_cBK
999 _c15234
_d15234